90s Alternative Rock By Song Name - Statistics

General Stats
  • This quiz has been taken 581 times
  • The average score is 17 of 26
Answer Stats
Song Band % Correct
Smells Like Teen Spirit Nirvana
98%
Wonderwall Oasis
95%
Californication Red Hot Chili Peppers
93%
Boulevard Of Broken Dreams Green Day
91%
Creep RadioHead
91%
Losing My Religion REM
86%
Everlong Foo Fighters
85%
Iris Goo Goo Dolls
82%
Black Hole Sun SoundGarden
81%
1979 Smashing Pumpkins
79%
Song 2 Blur
78%
Say It Ain't So Weezer
77%
Loser Beck
68%
Bitter Sweet Symphony The Verve
64%
Black Pearl Jam
59%
Interstate Love Song Stone Temple Pilots
59%
Mr. Jones Counting Crows
54%
Like A Stone AudioSlave
52%
Hunger Strike Temple Of The Dog
44%
One U2
43%
Closing Time Semisonic
40%
3AM Matchbox Twenty
38%
It's Been Awhile Staind
35%
Shine Collective Soul
33%
One Headlight The Wallflowers
32%
Far Behind Candlebox
30%
No matching quizzes found
Score Distribution
Percent of People with Each Score
Percentile by Number Answered
Your Score History
You have not taken this quiz